| 000 | 01299cai a22002055a 4500 | ||
|---|---|---|---|
| 001 | L143404 | ||
| 008 | 080506u xxk g 000 0 eng d | ||
| 035 | _a(Sirsi) u143404 | ||
| 041 | 0 | _aeng | |
| 110 | 1 |
_aUnited Kingdom _bDepartment for Communities and Local Government _94939 |
|
| 245 | 0 | 0 |
_aEnergy assessor qualification and accreditation _h[electronic resource] |
| 520 | _aProvides information on the qualifications and accreditation required for energy assessors to carry out Energy Performance and Display Certificates. Lists Secretary of State approved companies that can operate as accreditation schemes for energy assessment for existing dwellings and provides information on energy assessor accreditation for other than existing dwellings. Various downloads contain information on the energy assessor accreditation process. | ||
| 590 | _aKA | ||
| 650 | 2 | 4 | _aCOMMERCIAL ENERGY PERFORMANCE CERTIFICATES |
| 650 | 2 | 4 | _aRESIDENTIAL ENERGY PERFORMANCE CERTIFICATES |
| 651 | 4 |
_aEngland and Wales _y1543- |
|
| 690 | _aENVIRONMENTAL AND LAND CONSULTANCY-ENERGY-ENERGY USE-ENERGY EFFICIENCY | ||
| 856 | 4 | 0 |
_uhttps://www.communities.gov.uk/planningandbuilding/theenvironment/energyperformance/energyassessorqualification/ _zView the website free of charge at www.communities.gov.uk... |
| 942 | _n0 | ||
| 999 |
_c120662 _d120662 |
||